The protein protocols handbook

Kaydedildi:
Detaylı Bibliyografya
Materyal Türü: Kitap
Dil:Undetermined
Baskı/Yayın Bilgisi: Totowa, NJ Humana Press 2002
Konular:
Etiketler: Etiketle
Etiket eklenmemiş, İlk siz ekleyin!
Thư viện lưu trữ: Trung tâm Học liệu Trường Đại học Cần Thơ
LEADER 00502nam a2200193Ia 4500
001 CTU_67615
008 210402s9999 xx 000 0 und d
020 |b 149 
082 |a 572.6 
082 |b P967 
245 4 |a The protein protocols handbook 
245 0 |c Edited by John M. Walker 
260 |a Totowa, NJ 
260 |b Humana Press 
260 |c 2002 
650 |a Proteins 
650 |x Analysis,Laboratory manuals 
904 |i Minh 
980 |a Trung tâm Học liệu Trường Đại học Cần Thơ